The effect of neglecting horizontal variations in refractivity.

Bibliographic Details
Main Author: Wright, F. Edward
Format: Government Document Thesis Book
Language:English
Published: [Place of publication not identified] : [publisher not identified] ; 1962.
Subjects:

MARC

Tag First Indicator Second Indicator Subfields
LEADER 00000ctm a2200000K 4500
001 in00002170321
005 20151104061054.0
008 000829s1962 xx a bm 000 0 eng d
035 |a (OCoLC)ocm44899553 
040 |a ZCU  |c ZCU  |d TXA  |d UtOrBLW 
049 |a TXAM 
086 0 |a D 208.14/5:N 44 
090 |a QC385  |b .W93 
100 1 |a Wright, F. Edward. 
245 1 4 |a The effect of neglecting horizontal variations in refractivity. 
264 1 |a [Place of publication not identified] :  |b [publisher not identified] ;  |c 1962. 
300 |a vii, 26 leaves :  |b illustrations (1 folded) 
336 |a text  |b txt  |2 rdacontent 
337 |a unmediated  |b n  |2 rdamedia 
338 |a volume  |b nc  |2 rdacarrier 
502 |b M.S.  |c U.S. Naval Postgraduate School, Monterey, Calif. 
504 |a Bibliography: leaves 26. 
650 0 |a Refraction. 
650 0 |a Radio waves. 
994 |a C0  |b TXA 
999 |a MARS 
999 f f |s 62cff9e4-3f9b-34df-9345-38defe1b55a9  |i 3726e975-043c-33a8-a09a-6f408f2a640e  |t 0 
952 f f |p normal  |a Texas A&M University  |b College Station  |c Sterling C. Evans Library  |d Evans: US Documents (Annex 5th floor)  |t 0  |e D 208.14/5:N 44  |h Superintendent of Documents classification  |i unmediated -- volume  |m A14834534826 
998 f f |a D 208.14/5:N 44  |t 0  |l Evans: US Documents (Annex 5th floor)